| 000 | 00644nam a22002417a 4500 | ||
|---|---|---|---|
| 003 | OSt | ||
| 005 | 20151104113519.0 | ||
| 008 | 130207t xxu||||| |||| 00| 0 eng d | ||
| 020 | _a9716856736 | ||
| 050 |
_aLB 1775 _b.B595 2006 |
||
| 245 |
_aThe Teaching profession / _cPurita P. Bilbao, Ed. D. ... [et. al.] |
||
| 260 |
_aQuezon City : _bLorimar Publishing, _c2006. |
||
| 300 |
_a253 p. : _c25 cm. _bill. ; |
||
| 650 |
_aTeaching _xPhilippines. |
||
| 650 | _aEducation | ||
| 650 |
_aTeaching _xProfession. |
||
| 942 |
_2lcc _cBK _kLOC |
||
| 999 |
_c17995 _d17995 |
||